=LDR 00000nam 2200000 4500 =001 INLIS000000000011151 =005 20201229104544 =035 ##$$a 0010-061300000011151 =008 201229################g##########0#ind## =041 ##$$a Ind =082 ##$$a 330 =090 ##$$a 330., Pan b =245 ##$$a Beberapa aspek ekonomi dan bisnis Nasional & Internasional /$c Prof Dr.J.Panglaykim =260 ##$$a Jakarta :$b Ghalia Indonesia,$c 1983 =300 ##$$a 254 hlm ; $c 21x14 cm =850 ##$$a NBPNMAT =084 ##$$a 330 BEB =250 ##$$a cet.1 =650 #4$$a Ekonomi =990 ##$$a 69.542/Pro-94 =990 ##$$a 89.511/Pro-95 =990 ##$$a 84.512/Pro.95 =990 ##$$a 00092612 =990 ##$$a 69.541/Pb-94 =990 ##$$a 69.541/Pb-94 =990 ##$$a 69.542/Pro-94 =990 ##$$a 89.511/Pro-95 =990 ##$$a 84.512/Pro.95 =990 ##$$a 00092612